Statistics for Capitals by First and Last Letter

Click here to take the quiz!

General Stats

  • This quiz has been taken 23,854 times
    (23,764 since last reset)
  • The average score is 10 of 22

Answer Stats

First Letter Capital Last Letter % Correct
AAmsterdamM
81%
WWarsawW
80%
BBaghdadD
72%
MMadridD
67%
OOsloO
66%
MMoscowW
66%
CCairoO
53%
RRomeE
46%
KKabulL
45%
TTokyoO
43%
IIslamabadD
43%
KKathmanduU
41%
CCanberraA
39%
DDublinN
38%
MMinskK
35%
TTunisS
34%
DDakarR
32%
KKhartoumM
30%
WWindhoekK
29%
DDamascusS
22%
PPyongyangG
22%
MMuscatT
20%

Score Distribution

Percentile by Number Answered

Percent of People with Each Score

Your Score History

You have not taken this quiz since the last reset